000 00483nam a2200193Ia 4500
005 20250923144855.0
008 008 250917s9999 xx 000 0 eng d
037 _aTextual
040 _aDSWL
_beng
_cDSWL
041 _aeng
_2eng
084 _qDSWL
245 0 _aJustice for the child
_cEd. by Georges Sicault
260 _aNew York
_bThe Free Press
_c1962
300 _axiv,240p.
365 _aUSD
_b6.95
925 _g6.95
942 _cTEXL
999 _c1444429
_d1444429